OXFORD ENGLISH REFERENCE DICTIONARY (Record no. 12977)
[ view plain ]
| 000 -LEADER | |
|---|---|
| fixed length control field | 00334nam a22001457a 4500 |
| 003 - CONTROL NUMBER IDENTIFIER | |
| control field | SGT |
| 020 ## - INTERNATIONAL STANDARD BOOK NUMBER | |
| International Standard Book Number | 0-19-569418-X |
| 082 ## - DEWEY DECIMAL CLASSIFICATION NUMBER | |
| Classification number | 403 |
| Item number | O08O |
| 100 ## - MAIN ENTRY--PERSONAL NAME | |
| Personal name | OXFORD |
| 245 ## - TITLE STATEMENT | |
| Title | OXFORD ENGLISH REFERENCE DICTIONARY |
| 260 ## - PUBLICATION, DISTRIBUTION, ETC. (IMPRINT) | |
| Place of publication, distribution, etc | LONDON |
| Name of publisher, distributor, etc | OXFORD UNIVERSITY PRESS |
| Year of Publication | 2008 |
| 300 ## - PAGE DESCRIPTION | |
| No. of Pages | 1765 |
| 650 ## - SUBJECT ADDED ENTRY--TOPICAL TERM | |
| Topical term or geographic name as entry element | HOTEL MANAGEMENT |
| 942 ## - ADDED ENTRY ELEMENTS (KOHA) | |
| Source of classification or shelving scheme | Dewey Decimal Classification |
| Koha item type | Books |
| Withdrawn status | Lost status | Source of classification or shelving scheme | Damaged status | Not for loan | Collection code | Home library | Current library | Shelving location | Date acquired | Vendor Name | Cost, normal purchase price | SGTU | Bill Number | Full call number | Accession No. (Barcode) | Date last seen | Bill Date | Koha item type |
|---|---|---|---|---|---|---|---|---|---|---|---|---|---|---|---|---|---|---|
| Dewey Decimal Classification | Not For Loan | HOTEL MANAGEMENT | SGT Science & Social Sciences Library | SGT Science & Social Sciences Library | Reference Book | 12/08/2017 | ABC PUB | 2495.00 | SGTU | 7477 | 403 O08O | HM758 | 12/08/2017 | 29/11/2016 | Books | |||
| Dewey Decimal Classification | Not For Loan | HOTEL MANAGEMENT | SGT Science & Social Sciences Library | SGT Science & Social Sciences Library | Reference Book | 12/08/2017 | ABC PUB | 2495.00 | SGTU | 7477 | 403 O08O | HM759 | 12/08/2017 | 29/11/2016 | Books | |||
| Dewey Decimal Classification | Not For Loan | HOTEL MANAGEMENT | SGT Science & Social Sciences Library | SGT Science & Social Sciences Library | Reference Book | 12/08/2017 | ABC PUB | 2495.00 | SGTU | 7477 | 403 O08O | HM760 | 12/08/2017 | 29/11/2016 | Books | |||
| Dewey Decimal Classification | Not For Loan | HOTEL MANAGEMENT | SGT Science & Social Sciences Library | SGT Science & Social Sciences Library | Reference Book | 12/08/2017 | ABC PUB | 2495.00 | SGTU | 7477 | 403 O08O | HM761 | 12/08/2017 | 29/11/2016 | Books | |||
| Dewey Decimal Classification | Not For Loan | HOTEL MANAGEMENT | SGT Science & Social Sciences Library | SGT Science & Social Sciences Library | Reference Book | 12/08/2017 | ABC PUB | 2495.00 | SGTU | 7477 | 403 O08O | HM762 | 12/08/2017 | 29/11/2016 | Books |